Star Wars A-N - Statistics

General Stats
  • This quiz has been taken 18 times
  • The average score is 11 of 14
Answer Stats
Hint Answer % Correct
A-It's a trap! Admiral Ackbar
94%
C-Witty companion of artoo C-3PO
94%
B-Poe Dameron's Droid BB-8
88%
F-In a galaxy _____ _____ away Far
88%
D-Greivous's Master Dooku
82%
E-Moon Ewoks live on Endor
82%
H-Snow Planet Hoth
82%
L-Son of Anakin Luke
82%
N-Padme's home Planet Naboo
82%
J-Republican saber wielders Jedi
76%
M-________ Falcon Millenium
76%
G-Place Mace Windu Confronted Dooku Geonosis
71%
K-Rainy Planet Kamino
71%
I-Herbivore from Ithor Ithorian
6%
No matching quizzes found
Score Distribution
Percent of People with Each Score
Percentile by Number Answered
Your Score History
You have not taken this quiz